Statistics for 2023-24 Champions League Clubs by Badge.

Click here to take the quiz!

General Stats

  • This quiz has been taken 24 times
  • The average score is 26 of 32

Answer Stats

Answer% Correct
Bayern Munich
100%
Manchester United
100%
Arsenal
91%
Atletico Madrid
91%
Celtic
91%
Paris Saint-Germain
91%
Real Madrid
91%
Barcelona
86%
Dortmund
86%
Feyenoord
86%
Newcastle United
86%
AC Milan
82%
Galatasaray
82%
Inter Milan
82%
Manchester City
82%
Napoli
82%
RB Leipzig
82%
RB Salzburg
82%
Sevilla
82%
Union Berlin
82%
Benfica
77%
Braga
77%
Copenhagen
77%
Lazio
77%
Lens
77%
PSV
77%
Real Sociedad
77%
Red Star Belgrade
77%
Young Boys
77%
Porto
73%
Antwerp
68%
Shakhtar
68%

Score Distribution

Percentile by Number Answered

Percent of People with Each Score

Your Score History

You have not taken this quiz